Damp proof course detailing /

Bibliographic Details
Main Author: Duell, John
Other Authors: Lawson, Fred R.
Format: Book
Language:English
Published: London : Architectural Press, 1977.
Subjects:

MARC

Tag First Indicator Second Indicator Subfields
LEADER 00000cam a2200000 i 4500
001 in00000306813
005 20151010093413.0
008 781005s1977 enka b 00110 eng
010 |a  78312336  
015 |a GB*** 
020 |a 0851391478 :  |c 4.50 
035 |a (OCoLC)04467486 
035 |9 ABG8058AM 
040 |a DLC  |c DLC  |d TXA  |d UtOrBLW 
049 |a TXAM  |c [1157105] 
050 0 0 |a TH9031  |b .D83 
082 0 |a 693.8/93 
100 1 |a Duell, John. 
245 1 0 |a Damp proof course detailing /  |c John Duell and Fred Lawson. 
264 1 |a London :  |b Architectural Press,  |c 1977. 
300 |a 50 pages :  |b illustrations ;  |c 31 cm. 
336 |a text  |b txt  |2 rdacontent 
337 |a unmediated  |b n  |2 rdamedia 
338 |a volume  |b nc  |2 rdacarrier 
504 |a Includes bibliographical references and index. 
650 0 |a Waterproofing. 
650 0 |a Dampness in buildings. 
700 1 |a Lawson, Fred R. 
999 |a MARS 
999 f f |s 55c2d85c-7bc1-3531-b482-578e2180b51c  |i dec09188-d68d-3d35-bde8-5a3be6b8ff54  |t 0 
952 f f |p ric  |a Texas A&M University  |b Rellis Campus  |c Joint Library Facility  |d Remote Storage  |t 0  |e TH9031 .D83  |h Library of Congress classification  |i unmediated -- volume  |m A14805417479 
998 f f |a TH9031 .D83  |t 0  |l Remote Storage